000 00335nam a2200133Ia 4500
005 20260328101458.0
008 260328s9999||||xx |||||||||||||| ||und||
100 _aSENA
245 0 _aMemorias :
_b I Congreso Mundial de BambĂș / Guadua /
_cSENA
260 _bSENA
300 _a215 p.
650 _aMATERIALES CONSTRUCTIVOS
942 _cBK
999 _c8888
_d8888